000 00501nam a2200181Ia 4500
005 20250508151315.0
008 008 250505s9999 xx 000 0 eng d
037 _aTextual
040 _aFEDL
_beng
_cFEDL
041 _aeng
_2eng
084 _a371.86, THO
_qFEDL
100 _aThompson Nellie Zetta
_9758833
245 0 _aYour school clubs
260 _aNew York, USA
_bE P Dutton and Company
_c1953
300 _a317p.
942 _cTEXL
_h371.86, THO
999 _c1328977
_d1328977